Измерение диэлектрических параметров сегнетоэлектрика методом управляемого разряда; Измерительная техника; № 7

Библиографические подробности
Источник:Измерительная техника=Measurement Techniques: научно-технический журнал/ Российская Федерация, Федеральное агентство по техническому регулированию и метрологии (Ростехрегулирование) (Госстандарт России).— , 1940-1941, 1955-.— 0368-1025
№ 7.— 2004.— С. 45-46
Главный автор: Субботин М. И.
Язык:русский
Опубликовано: 2004
Серии:Радиотехнические измерения
Предметы:
Формат: Статья
Запись в KOHA:https://koha.lib.tpu.ru/cgi-bin/koha/opac-detail.pl?biblionumber=393507

MARC

LEADER 00000naa2a2200000 4500
001 393507
005 20231101064409.0
035 |a (RuTPU)RU\TPU\prd\29565 
090 |a 393507 
100 |a 20041104a2004 k y0rusy50 ca 
101 0 |a rus 
102 |a RU 
200 1 |a Измерение диэлектрических параметров сегнетоэлектрика методом управляемого разряда  |f М. И. Субботин 
225 1 |a Радиотехнические измерения 
320 |a Библиогр.: 1 назв. 
461 1 |0 (RuTPU)RU\TPU\prd\1509  |x 0368-1025  |t Измерительная техника  |l Measurement Techniques  |o научно-технический журнал  |f Российская Федерация, Федеральное агентство по техническому регулированию и метрологии (Ростехрегулирование) (Госстандарт России)  |d 1940-1941, 1955- 
463 1 |0 (RuTPU)RU\TPU\prd\28348  |t № 7  |v С. 45-46  |d 2004 
610 1 |a диэлектрические параметры 
610 1 |a сегнетоэлектрик 
610 1 |a разряды 
675 |a 537.226.33:621.319.1  |v 3 
700 1 |a Субботин  |b М. И. 
801 1 |a RU  |b 63413507  |c 20041104  |g PSBO 
801 2 |a RU  |b 63413507  |c 20121218  |g RCR 
942 |c BK